00321nam a2200121Ia 4500008004100000040001600041041001200057082001700069100001700086245004900103260003100152300001600183230917s9999||||xx |||||||||||||| ||und|| e35911aMAIN aEnglish a658.15 K952C aKuchhal, S C 0aCorporation finance: Principles and problems aAllahabadbChaitanyac1976 axvi, 518 p.